000 00766cab a22001935a 4500
001 L136988
008 070307e2007 xxk 000 0 eng d
035 _a(Sirsi) u136988
041 0 _aeng
100 1 _aIves, Paul
245 0 0 _aOversupply from 2009?
_bIs the City getting the balance right?
260 _c2007
490 _aProperty Forecast
_vFebruary 2007, 3-5(3)
520 _aReports on the fall in office availability levels in Central London, and the sharp rise in the number of office construction schemes. Questions whether there will be a healthy balance between supply and demand in the current cycle in view of developments in the past two market cycles.
590 _aKA
651 4 _aLONDON
690 _aPROPERTY-PROPERTY MARKET
942 _n0
999 _c78522
_d78522